书目信息 |
| 题名: |
英汉汉英大词典
|
|
| 作者: | 张楚乔 主编 | |
| 分册: | ||
| 出版信息: | 长春 吉林人民出版社 2009.09 |
|
| 页数: | 1078页 | |
| 开本: | 15cm | |
| 丛书名: | ||
| 单 册: | ||
| 中图分类: | H316 | |
| 科图分类: | ||
| 主题词: | 英语 , 英语--汉语--词典 , 词典 , 汉语 | |
| 电子资源: | ||
| ISBN: | 978-7-206-06300-8 | |
| 000 | 01016nam0 2200289 450 | |
| 001 | 1241063279 | |
| 005 | 20120109112451.87 | |
| 010 | @a978-7-206-06300-8@b精装@dCNY28.00 | |
| 090 | @aH316@bzcq | |
| 096 | @aH316@bzcq | |
| 100 | @a20091214d2009 em y0chiy50 ea | |
| 101 | 0 | @achi@aeng |
| 102 | @aCN@b220000 | |
| 105 | @ay e 001yy | |
| 200 | 1 | @a英汉汉英大词典@9ying han han ying da ci dian@b专著@dEnglish-Chinese and Chinese-English dictionary@e缩印本@f张楚乔主编@zeng |
| 210 | @a长春@c吉林人民出版社@d2009.09 | |
| 215 | @a1078页@d15cm | |
| 330 | @a本词典由英汉部分和汉英部分组成。英汉部分收录词目15000余条,连同派生词、复合词、惯用语、习语等,收词总数达30000余条。汉英部分收录单字条目4000余个,多字条目10000余条。 | |
| 510 | 1 | @aEnglish-Chinese and Chinese-English dictionary@zeng |
| 606 | 0 | @a英语 |
| 606 | 0 | @a英语@x汉语@j词典 |
| 606 | 0 | @a词典 |
| 606 | 0 | @a汉语 |
| 690 | @aH316@v4 | |
| 701 | 0 | @a张楚乔@9zhang chu qiao@4主编 |
| 801 | 0 | @aCN@b110017@c20091103 |
| 905 | @aZUCC@dH316@eZ085 | |
| 英汉汉英大词典=English-Chinese and Chinese-English dictionary:缩印本/张楚乔主编.-长春:吉林人民出版社,2009.09 |
| 1078页;15cm |
| ISBN 978-7-206-06300-8(精装):CNY28.00 |
| 本词典由英汉部分和汉英部分组成。英汉部分收录词目15000余条,连同派生词、复合词、惯用语、习语等,收词总数达30000余条。汉英部分收录单字条目4000余个,多字条目10000余条。 |
| ● |
| 相关链接 |
|
|
|
正题名:英汉汉英大词典
索取号:H316/Z085
 
预约/预借
| 序号 | 登录号 | 条形码 | 馆藏地/架位号 | 状态 | 备注 |
| 1 | 482546 | 204825467 | 语言库209/209语言库 41排4列4层/ [索取号:H316/Z085] | 在馆 |